000 00727cam a2200229 a 4500
001 3090716
005 20180814050322.0
008 981023s1999 caua b 001 0 eng
010 _a 98049447
020 _a0534351840 (alk. paper)
040 _aDLC
_cDLC
_dDLC
041 _aeng
080 _a519.40285 CHEN
082 0 0 _a519.40285 CHEN
_221
100 1 _a36
101 _aMAT
245 1 0 _aNumerical mathematics and computing /
_cWard Cheney, David Kincaid.
504 _aIncludes bibliographical references (p. 653-660) and index.
906 _a7
_bcbc
_corignew
_d1
_eocip
_f19
_gy-gencatlg
942 _2ddc
_cBK
999 _c47098
_d47098